000 00675cam a22002293a 4500
001 2837
003 PGUSA
005 20140828083022.0
008 010901s2001||||xxu|||||s|||||000 | eng d
040 _aPGUSA
_beng
042 _adc
050 4 _aPQ
100 1 _aLopes Neto, J. Simões
_q(João Simões),
_d1865-1916
245 1 0 _aLendas do sul
_h[electronic resource] /
_cJ. Simões Lopes Neto
260 _bProject Gutenberg,
_c2001
506 _aPublic domain in the USA.
516 _aElectronic text
653 _aIndians of South America -- Brazil -- Folklore
830 0 _aProject Gutenberg
_v2837
856 4 0 _uhttp://www.gutenberg.org/ebooks/2837
942 _cEB
999 _c232169
_d232169